00984nam a2200229 a 450000100060000000300090000600800410001502000160005604000280007208200160010010000320011624500460014826000290019430000100022365000450023365000260027894200120030499900170031695201510033395201350048495201350061915579CO-ViMGA141112s2004 ck r 000 u spa d a95868328481 aCO-ViMGAbspacCO-ViMGA04a350.7 V333c1 aVeeduria Distrital, 92252610aControl social , a la gestión pública aBogotá, cCeja, c2000 a60.p.14aADMINISTRACION PUBLICA - COLOMBIA91680714aCONTROL SOCIAL922527 2ddccBK c25796d25796 00102ddc40708002aMEVIECARbMEVIECARd2015-12-04hVolumen. 1 | 11/jun/2009l0o350.7 V333c p15579r2015-12-04 00:00:00tEj. 1w2015-12-04yBK 001040708001aMEVIGERRbMEVIGERRcGENd2006-11-27o350.7 V417pECA1602r2024-11-26 09:37:08tEj.2w2024-11-26yBKz8770 | 12242 001040708001aMEVIGERRbMEVIGERRcGENd2006-11-27o350.7 V417pECA1020r2024-11-26 09:37:08tEj.1w2024-11-26yBKz8770 | 12241